000 00672nam a2200229 a 4500
001 12394
003 BD-JhCC
005 20230601093307.0
008 220202b2021 bg a|||| ||a| 000 0 ben d
020 _a9789849523444
035 _a(BD-JhCC)12394
040 _aBD-JhCC
_dBD-JhCC
041 _aBengali
082 _a629.892
_bISL 2021
100 _aইসলাম, মিশাল
245 _aসৃষ্টির উল্লাসে রোবটিকস /
_cমিশাল ইসলাম।
260 _aঢাকা :
_bআদর্শ;
_c২০২১.
300 _a173 P. :
_bill;
_c22 cm.
650 _aRobotics
942 _2ddc
_cBK
_010
999 _c12394
_d12394